French made easy level 1 (Record no. 4800)

MARC details
000 -CABECERA
campo de control de longitud fija 01967nam a22002177a 4500
008 - DATOS DE LONGITUD FIJA--INFORMACIÓN GENERAL
campo de control de longitud fija 250625b |||||||| |||| 00| 0 eng d
020 ## - NÚMERO INTERNACIONAL ESTÁNDAR DEL LIBRO
Número Internacional Estándar del Libro 9781951949549
040 ## - FUENTE DE LA CATALOGACIÓN
Centro/agencia transcriptor tbs
041 ## - CÓDIGO DE LENGUA
Código de lengua del texto/banda sonora o título independiente eng
-- fre
110 ## - ENTRADA PRINCIPAL--NOMBRE DE ENTIDAD CORPORATIVA
Nombre de entidad corporativa o nombre de jurisdicción como elemento de entrada Lingo Mastery (Firm)
9 (RLIN) 25590
245 ## - MENCIÓN DE TÍTULO
Título French made easy level 1
Resto del título : an easy step-by-step approach to learn French for beginners.
260 ## - PUBLICACIÓN, DISTRIBUCIÓN, ETC.
Lugar de publicación, distribución, etc. [Place of publication not identified],
Nombre del editor, distribuidor, etc. Lingo Mastery,
Fecha de publicación, distribución, etc. 2022.
300 ## - DESCRIPCIÓN FÍSICA
Extensión 197 pages :
Otras características físicas illustrations (black and white) ;
Dimensiones 28 cm.
520 ## - SUMARIO, ETC.
Sumario, etc. Learning to read, speak and write French like a native? Your journey begins here. Oh là là! C'est une grande nouvelle! Up to 300 million people across the globe speak French, so it makes a lot of sense that you would want to learn it. After all, the French language is not just a Romance language but also the language of romance! Spoken as an official language in 29 countries, its reach spreads beyond those nations, as communities in every continent have helped spread the language worldwide. Think French Guiana, Dominica... or French Polynesia, in the Pacific Ocean... it's everywhere! And as for why - travel, love, friendship, business - these are just a few of many reasons to learn this magnificent, elegant and very expressive language. But how in the world do you conquer the challenge of diving into French vocabulary and grammar? Well, sometimes all you need is the right resource; the ideal learning material that will guide you from French hopeful to a complete "spécialiste du français"! What we're talking about is French Made Easy Level 1 - An Easy Step-By-Step Approach To Learn French for Beginners (Textbook + Workbook Included)!
650 #0 - PUNTO DE ACCESO ADICIONAL DE MATERIA--TÉRMINO DE MATERIA
Término de materia o nombre geográfico como elemento de entrada French language
Subdivisión general Study and teaching
-- Foreign speakers
9 (RLIN) 24325
650 #0 - PUNTO DE ACCESO ADICIONAL DE MATERIA--TÉRMINO DE MATERIA
Término de materia o nombre geográfico como elemento de entrada French language
Subdivisión general Grammar
9 (RLIN) 25347
650 #0 - PUNTO DE ACCESO ADICIONAL DE MATERIA--TÉRMINO DE MATERIA
Término de materia o nombre geográfico como elemento de entrada French language
Subdivisión general Textbooks for foreign speakers
-- English
9 (RLIN) 4891
650 #0 - PUNTO DE ACCESO ADICIONAL DE MATERIA--TÉRMINO DE MATERIA
Término de materia o nombre geográfico como elemento de entrada French language
Subdivisión general Vocabulary
9 (RLIN) 25355
655 #0 - TÉRMINO DE INDIZACIÓN--GÉNERO/FORMA
Datos o término principal de género/forma Self-instruction
9 (RLIN) 24883
942 ## - ELEMENTOS DE ENTRADA AGREGADA (KOHA)
Fuente del sistema de clasificación o colocación Clasificación de Library of Congress
Holdings
Estado de retiro Estado de pérdida Fuente del sistema de clasificación o colocación Estado dañado No para préstamo Biblioteca de origen Biblioteca actual Fecha de adquisición Total de préstamos Signatura topográfica completa Código de barras Fecha visto por última vez Número de copia Precio válido a partir de Tipo de ítem Koha
    Clasificación de Library of Congress     TBS Barcelona TBS Barcelona 25/06/2025   P-FR LEARN LIN B05756 25/06/2025 1 25/06/2025 Teach Yourself French

Powered by Koha